| Tag |
First Indicator |
Second Indicator |
Subfields |
| LEADER |
00000cam a2200000Ii 4500 |
| 001 |
in00003886021 |
| 005 |
20171016141145.0 |
| 008 |
170106s2017 mx a bc 000 0 eng d |
| 010 |
|
|
|a 2017933389
|
| 020 |
|
|
|a 9783791356150
|
| 020 |
|
|
|a 3791356151
|
| 035 |
|
|
|a (OCoLC)ocn967844320
|
| 040 |
|
|
|a ERASA
|e rda
|c ERASA
|d YDX
|d BDX
|d BWK
|d CPL
|d ZYU
|d UtOrBLW
|
| 049 |
|
|
|a TXAM
|
| 050 |
|
4 |
|a N6537.W28
|b A4 2017
|
| 082 |
0 |
|
|a 700.411
|
| 100 |
1 |
|
|a Warhol, Andy,
|d 1928-1987,
|e artist.
|0 http://id.loc.gov/authorities/names/no2015003009
|
| 240 |
1 |
0 |
|a Works.
|k Selections
|
| 245 |
1 |
0 |
|a Andy Warhol :
|b dark star /
|c Douglas Fogle ; with contributions by Kenneth Brummel [and ten others].
|
| 246 |
3 |
0 |
|a Dark star
|
| 250 |
|
|
|a First edition.
|
| 264 |
|
1 |
|a Mexico City :
|b Fundación Jumex Arte Contemporáneo--Museo Jumex ;
|a Munich ;
|a New York :
|b Prestel,
|c 2017.
|
| 300 |
|
|
|a 207 pages :
|b illustrations (some color) ;
|c 31 cm.
|
| 336 |
|
|
|a text
|b txt
|2 rdacontent
|
| 336 |
|
|
|a still image
|b sti
|2 rdacontent
|
| 337 |
|
|
|a unmediated
|b n
|2 rdamedia
|
| 338 |
|
|
|a volume
|b nc
|2 rdacarrier
|
| 500 |
|
|
|a Catalog of an exhibition held at Museo Jumex, Mexico City, June 2-September 17, 2017.
|
| 504 |
|
|
|a Includes bibliographical references.
|
| 505 |
0 |
|
|a Foreword / Eugenio López Alonso -- Who shot Andy Warhol? / Douglas Fogle -- Contempt and adoration / Barbara Kruger -- Andy and Andy, the Warhol twins : a theme and variations / Stuart Morgan -- Guns and poses / Richard Prince -- Old Sparky / Geoff Dyer -- For the first time (About Andy Warhol) / Thomas Hirschhorn -- Liking things / Jonathan Griffin -- Invisible Andy / Kara Walker -- Flaming stars : Warhold, Presley, Pollock / Kenneth Brummel -- 1971 : my Andy Warhol? / Kerry James Marshall -- Fab / Abraham Cruzvillegas -- Andy Warhol's history painting for the American century / Julieta González.
|
| 600 |
1 |
0 |
|a Warhol, Andy,
|d 1928-1987
|v Exhibitions.
|
| 700 |
1 |
|
|a Fogle, Douglas,
|d 1964-
|e author.
|0 http://id.loc.gov/authorities/names/n97003948
|
| 700 |
1 |
|
|a Brummel, Kenneth,
|e author.
|0 http://id.loc.gov/authorities/names/no2017015229
|
| 710 |
2 |
|
|a Museo Jumex,
|e host institution.
|0 http://id.loc.gov/authorities/names/no2014149969
|
| 945 |
|
|
|b 210031
|
| 947 |
|
|
|a A14850149627
|
| 948 |
|
|
|a cataloged
|b h
|c 2017/8/30
|d c
|e dmitchel
|f 11:50:30 am
|
| 994 |
|
|
|a 92
|b TXA
|
| 999 |
f |
f |
|s 75ea3915-986b-3258-b713-f5d713609a8c
|i 41e6be77-3a2f-3db6-a323-9ca02e474ae2
|t 0
|
| 952 |
f |
f |
|p normal
|a Texas A&M University
|b College Station
|c Sterling C. Evans Library
|d Evans: Library Stacks
|t 0
|e N6537.W28 A4 2017
|h Library of Congress classification
|i unmediated -- volume
|m A14850149627
|
| 998 |
f |
f |
|a N6537.W28 A4 2017
|t 0
|l Evans: Library Stacks
|